书目信息 |
| 题名: |
概率论与数理统计
|
|
| 作者: | 叶鹰 著 | |
| 分册: | ||
| 出版信息: | 武汉 华中理工大学出版社 1999.09 |
|
| 页数: | 318页 | |
| 开本: | 32开 | |
| 丛书名: | ||
| 单 册: | ||
| 中图分类: | O21 | |
| 科图分类: | ||
| 主题词: | 概率论 , 数理统计 | |
| 电子资源: | ||
| ISBN: | 7-5609-2037-3 | |
| 000 | 00565nam0 2200205 45 | |
| 001 | 0010111753 | |
| 005 | 20001011171351.1 | |
| 010 | @a7-5609-2037-3@d12.50元 | |
| 100 | @a20001011d1999 km y0chiy0120 ea | |
| 101 | 0 | @achi |
| 105 | @a z 000yy | |
| 200 | 1 | @a概率论与数理统计@AGai Lu Lun Yu Shu Li Tong Ji@f叶鹰等著@FYe Ying Deng Zhu |
| 210 | @a武汉@c华中理工大学出版社@d1999.09 | |
| 215 | @a318页@d32开 | |
| 606 | 0 | @a概率论 |
| 606 | 0 | @a数理统计 |
| 690 | @aO21@v3 | |
| 701 | 0 | @a叶鹰@4著 |
| 801 | @aCN@bPftUser@c20001011 | |
| 905 | @b176099-101@dO21@eY.283@f3 | |
| 概率论与数理统计/叶鹰等著.-武汉:华中理工大学出版社,1999.09 |
| 318页;32开 |
| ISBN 7-5609-2037-3:12.50元 |
| ● |
| 相关链接 |
|
|
|
正题名:概率论与数理统计
索取号:O21/Y.283
 
预约/预借
| 序号 | 登录号 | 条形码 | 馆藏地/架位号 | 状态 | 备注 |
| 1 | 176099 | 201760996 | 自科二线504/504自科库 48排4列5层/ [索取号:O21/Y.283] | 在馆 | |
| 2 | 176100 | 201761003 | 自科二线504/504自科库 49排6列6层/ [索取号:O21/Y.283] | 在馆 | |
| 3 | 176101 | 201761012 | 自科二线504/504自科库 48排4列5层/ [索取号:O21/Y.283] | 在馆 |